000 00426nam a2200169Ia 4500
008 221030s9999 xx 000 0 und d
020 _a8178087847
041 _aEnglish
082 _a105.23
_bMac
100 _aC. McMohan
245 0 _aCAD - CAM - Principles, Practice & Manufacturing Management
260 _bPearson Education
_aDelhi
_c2005
300 _a687
650 _aComputers
700 _aJ. Browne
942 _cBK
999 _c2717
_d2717